000 00895nam a2200265 c 4500
999 _c447540
_d447540
003 BLK
005 20230628142411.0
008 180410b bul|||||r ||||||| ||bul||
040 _aBLK
041 _aBUL
_cBUL
080 _aИкономическо развитие
_b330.34
_x(062)
_z330.34(062)
139 _bН 37
245 1 0 _aНашите окръзи : социално-икономическо развитие
_bОкръг Русе
_h[Малотир. изд.]
257 _aBGR
260 _aСофия
_bМинистерство на информацията и съобщенията
_c1972
_9436080
300 _a102 с.
_c20 см
380 _a3
651 4 _aРусе
_9179462
653 0 _aсоциалистическа икономика
_9405911
852 _aК 33/Н 37
856 4 _qpdf
856 4 _qpdf
942 _cKNG
_n0
_s1
_01
944 _aCR
_c2022-03-08
_kнр